Datum a čas kvízu
19.5
Celkem bodů
Celkový počet nahraných bodů na tomto kvízu bez doplňovacích otázek.
3.
Pořadí na kvízu
Konečné umístění týmu na tomto kvízu.
Zaznamenané odpovědi
| # | Otázka | Odpověď | Body | Výsledky |
|---|---|---|---|---|
| 1. | Automobilka Škoda v minulém tý... | Laurin & Klement Kampus | 1 | |
| 2. | Které tři evropské země uznaly... | Norsko, Španělsko, Irsko | 0 | |
| 3. | Jak se nazývá literární festiv... | Svět knihy | 0 | |
| 4. | Minulý týden byl oznámen konec... | ICQ | 1 | |
| 5. | „Bohužel nemám dobré zprávy. K... | Patrik Kincl | 0 | |
| 6. | Středověk bývá obvykle ohranič... | D | 1 | |
| 7. | Jak se jmenoval významný střed... | Vilém I. Dobyvatel | 1 | |
| 8. | Jak se jmenoval český kníže z... | Vratislav | 0 | |
| 9. | Vytvořte z těchto středověkých... | 1B 2A 3C 4D | 0 | |
| 10. | Závěrem tématu se podíváme na... | šlojíř, šlář | 0 |